000 00492nam a22001817a 4500
003 BUBTL
008 180915b xxu||||| |||| 00| 0 eng d
082 _a346.013LAM
100 _92022
_aLangan,P.St.J.
245 _aMaxwell on The Interpretation of Statutes/
250 _a12th ed.
260 _aBombay :
_bN.M.Tripathi Private Ltd,
_cc1999.
300 _axci,390 p. :
_c21 cm.
650 0 _926
_aLaw
856 _k0
_l0
_yDownload
942 _2ddc
_cBK
999 _c5803
_d5803